| 000 | 01195nam a2200277 a 4500 | ||
|---|---|---|---|
| 005 | 20170914172352.0 | ||
| 008 | 170914s2017 ag d||||r|||| 00| 0 spa d | ||
| 020 | _a9789879132562 | ||
| 040 |
_aCO-BoIAVH _cCO-BoIAVH |
||
| 041 | 0 | _aspa | |
| 044 | _aag | ||
| 082 | 0 | 4 |
_a577 _bZ84a |
| 245 | 0 | 0 |
_aSiacre 2015 : aportes y conclusiones : _btomando decisiones para revertir la degradación ambiental / _ceditado por Gustavo Adolfo Zuleta, Adriana Edit Rovere y Federico Mollard |
| 250 | _aPrimera edición | ||
| 260 |
_aBuenos Aires (Argentina) : _bVázquez Mazzini Editores, _c2017. |
||
| 300 |
_a240 páginas : _btablas y fotografías ; _c24 x 17 cm. |
||
| 504 | _aIncluye referencias bibliográficas. | ||
| 650 | 2 | 6 |
_aMedio ambiente _xMemorias _vCongresos, conferencias, etc. |
| 650 | 2 | 6 |
_aGestión ambiental _xMemorias _vCongresos, conferencias, etc. |
| 650 | 2 | 6 |
_aEcología _xMemorias _vCongresos, conferencias, etc. |
| 650 | 2 | 6 |
_aInvestigación _xMemorias _vCongresos, conferencias, etc. |
| 700 | 1 |
_aZuleta, Gustavo Arnulfo _eeditor |
|
| 700 | 1 |
_aRovere, Adriana _eeditora |
|
| 700 | 1 |
_aMollard, Federico _eeditor |
|
| 942 |
_2ddc _cLIBRO |
||
| 999 |
_c19826 _d19826 |
||